Netflix Shows - Sudden Death - Statistics

General Stats
  • This quiz has been taken 9,468 times
  • The average score is 13 of 46
Answers on the Grid
Answers color-coded by a green-red scale on the quiz's grid according to % correct below.
13 Reasons Why
1883
1923
3 Body Problem
A Series of Unfortunate Events
Alexa and Katie
All the Light We Cannot See
And Just Like That...
Anne With an E
Arcane
Arrested Development
Avatar: The Last Airbender
Beef
Big Mouth
Black Mirror
Bosch
Bridgerton
Citadel
Cobra Kai
Daredevil
Dead to Me
Dickinson
Emily in Paris
Fallout
Fuller House
Heartstopper
House of Cards
iCarly
Invincible
Jack Ryan
Jupiter's Legacy
Knuckles
Locke and Key
Masters of the Air
Nailed It!
Narcos
Only Murders in the Building
Orange is the New Black
Outer Banks
Ozark
Pam and Tommy
Reacher
RuPaul's Drag Race
Shadow and Bone
Silo
Squid Game
Star Trek: Discovery
Star Trek: Picard
Star Trek: Strange New Worlds
Stranger Things
Sweet Tooth
Ted Lasso
The Bear
The Boys
The Crown
The Handmaid's Tale
The Kardashians
The Kominsky Method
The Last Thing He Told Me
The Lincoln Lawyer
The Lord of the Rings: The Rings of Power
The Marvelous Mrs. Maisel
The Morning Show
The Queen's Gambit
The Ranch
The Recruit
The Sandman
The Summer I Turned Pretty
The Terminal List
The Umbrella Academy
The Watcher
The Witcher
Tulsa King
Unbreakable Kimmy Schmidt
Under the Banner of Heaven
Virgin River
Wednesday
XO, Kitty
You
 
Answer Stats
Answer % Correct
Squid Game
56%
Stranger Things
56%
Wednesday
51%
13 Reasons Why
49%
Bridgerton
48%
The Umbrella Academy
47%
Emily in Paris
46%
You
45%
Cobra Kai
44%
The Queen's Gambit
44%
Outer Banks
43%
Black Mirror
42%
Orange is the New Black
42%
The Crown
42%
Anne With an E
35%
The Witcher
35%
Narcos
34%
XO, Kitty
34%
Ozark
33%
Heartstopper
32%
A Series of Unfortunate Events
28%
House of Cards
28%
Arcane
27%
Big Mouth
27%
Locke and Key
23%
Fuller House
22%
Alexa and Katie
20%
Shadow and Bone
19%
Sweet Tooth
18%
Virgin River
18%
Nailed It!
17%
Avatar: The Last Airbender
16%
The Sandman
16%
Unbreakable Kimmy Schmidt
16%
Beef
15%
Daredevil
15%
The Lincoln Lawyer
15%
The Watcher
15%
3 Body Problem
14%
Dead to Me
13%
Arrested Development
10%
The Recruit
10%
The Ranch
8%
All the Light We Cannot See
5%
The Kominsky Method
4%
Jupiter's Legacy
3%
No matching quizzes found
Score Distribution
Percent of People with Each Score
Percentile by Number Answered
Your Score History
You have not taken this quiz